Closest non-bordering country in Europe - Statistics

General Stats
  • This quiz has been taken 50 times
    41 since last reset
  • The average score is 37 of 46
Answer Stats
Country Nearest Country % Correct
Albania Serbia
96%
Andorra Italy
93%
Belgium United Kingdom
93%
Austria Croatia
89%
Bosnia and Herzegovina Slovenia
89%
Cyprus Turkey
89%
Italy Croatia
85%
Norway Denmark
85%
Belarus Estonia
85%
Finland Estonia
85%
Lithuania Estonia
85%
Estonia Finland
85%
Ireland France
85%
Liechtenstein Germany
85%
Croatia Italy
85%
Malta Italy
85%
Monaco Italy
85%
Germany Liechtenstein
85%
Netherlands Luxembourg
85%
North Macedonia Montenegro
85%
Luxembourg Netherlands
85%
Montenegro North Macedonia
85%
Denmark Sweden
85%
France United Kingdom
85%
Serbia Albania
81%
Hungary Bosnia and Herzegovina
81%
Kosovo Bulgaria
81%
Moldova Bulgaria
81%
Bulgaria Kosovo
81%
Latvia Sweden
81%
Portugal United Kingdom
81%
San Marino Croatia
78%
Czechia Hungary
78%
Poland Hungary
78%
Greece Italy
78%
Slovenia Bosnia and Herzegovina
74%
Sweden Denmark
74%
Spain Italy
70%
Switzerland Luxembourg
70%
Romania Slovakia
70%
Turkey Cyprus
67%
United Kingdom France
67%
Slovakia Romania
67%
Ukraine Bulgaria
63%
Vatican city San Marino
63%
Russia Turkey
59%
No matching quizzes found
Score Distribution
Percent of People with Each Score
Percentile by Number Answered
Your Score History
You have not taken this quiz since the last reset